Annual Report 2005-2006 Volume- II (Record no. 588753)

000 -LEADER
fixed length control field 00267nam a22001097a 4500
082 ## - DEWEY DECIMAL CLASSIFICATION NUMBER
Classification number 332.1
100 ## - MAIN ENTRY--PERSONAL NAME
Personal name State Bank of Pakistan
245 ## - TITLE STATEMENT
Title Annual Report 2005-2006 Volume- II
Statement of responsibility, etc. State Bank of Pakistan
300 ## - PHYSICAL DESCRIPTION
Extent various paging
563 ## - BINDING INFORMATION
Binding note PB
942 ## - ADDED ENTRY ELEMENTS (KOHA)
Source of classification or shelving scheme
Koha item type Book
Holdings
Withdrawn status Lost status Source of classification or shelving scheme Damaged status Not for loan Permanent Location Current Location Date acquired Total Checkouts Full call number Barcode Date last seen Price effective from Koha item type
          Central Library (CL) Central Library (CL) 03/14/2022   332.1 SBP S3H-R-222 03/14/2022 03/14/2022 Book
          Central Library (CL) Central Library (CL) 03/14/2022   332.1 SBP S3H-R-221 03/14/2022 03/14/2022 Book
          Central Library (CL) Central Library (CL) 03/20/2022   332.1 SBP S3H-R-220 03/20/2022 03/20/2022 Book
          Central Library (CL) Central Library (CL) 03/20/2022   332.1 SBP S3H-R-219 03/20/2022 03/20/2022 Book
© 2023 Central Library, National University of Sciences and Technology. All Rights Reserved.